| 000 | 00646nam a22001935i 4500 | ||
|---|---|---|---|
| 001 | 68600 | ||
| 003 | ES-MaACL | ||
| 005 | 20230906170321.0 | ||
| 007 | t| | ||
| 008 | 960812s1878 fr ||||1| fre d | ||
| 040 |
_aCAM _bspa _cCAM |
||
| 100 | 1 |
_aGautier, Hippolyte. _956049 |
|
| 245 | 1 | 4 |
_aLes curiosités de l'exposition de 1878 _b: guide du visiteur / _cpar Hippolyte Gautier et Adrien Desprez. |
| 260 |
_aParis : _blibrairie Ch. Delagrave, _c1878 ( _ftypographie Lahure) |
||
| 300 |
_a[4], 228 p. ; _c18 cm. |
||
| 611 | 2 |
_aExposition Universelle. _d1878. _cParis) _9135143 |
|
| 700 | 1 |
_aDesprez, Adrien. _943925 |
|
| 852 |
_aES-MaACL _jG-413 |
||
| 999 |
_c68600 _d68600 |
||